[Event "Titled Tue 26th Aug Late"]
[Site "chess.com INT"]
[Date "2025.08.26"]
[Round "8"]
[White "Kona, Vidip"]
[Black "Bluebaum, Matthias"]
[Result "0-1"]
[BlackTitle "GM"]
[WhiteElo "2145"]
[BlackElo "2660"]
[WhiteFideId "30990440"]
[BlackFideId "24651516"]
[EventDate "2025.08.26"]

1. Nf3 d5 2. c4 e6 3. b3 Nf6 4. Bb2 Bd6 5. e3 O-O 6. a3 c5 7. Qc2 Nc6 8. cxd5
exd5 9. d4 b6 10. Bd3 Qe7 11. Nbd2 Bg4 12. O-O Rac8 13. Bf5 Bxf5 14. Qxf5 Qe6
15. Qb1 Rfe8 16. dxc5 bxc5 17. Ng5 Qe7 18. Bxf6 Qxf6 19. Qxh7+ Kf8 20. Qh5 Ke7
21. Ngf3 Rcd8 22. e4 Rh8 23. Qg4 Ne5 24. Nxe5 Bxe5 25. g3 Bxa1 26. exd5 Kf8 27.
Ne4 Qh6 28. h4 Bf6 29. Nxc5 Kg8 30. Rd1 Qh5 31. f3 Qxg4 32. fxg4 Be7 33. Ne4 Rh6
34. b4 a5 35. bxa5 Ra6 36. Kg2 Rxa5 37. d6 Bf8 38. Rd3 Ra6 39. d7 Ra7 40. Rf3
Rdxd7 41. g5 Rxa3 42. Rf4 Rb3 43. h5 Rb4 44. h6 Rdd4 45. Kf3 gxh6 46. Nf6+ Kh8
47. Ne4 Rxe4 48. Rxe4 Rxe4 49. Kxe4 hxg5 50. Kf5 Be7 51. g4 Kg7 52. Ke4 Kg6 53.
Ke5 Bd8 54. Ke4 f5+ 55. Kd3 fxg4 56. Ke3 Kf5 57. Kf2 Bc7 58. Kg2 Bf4 59. Kg1 Ke5
60. Kg2 Ke4 61. Kg1 Kf3 62. Kf1 Be3 63. Ke1 g3 64. Kd1 g2 65. Kc2 0-1

[Event "Titled Tue 26th Aug Late"]
[Site "chess.com INT"]
[Date "2025.08.26"]
[Round "8"]
[White "Grot, Blazej"]
[Black "Lisenkov, Svyatoslav"]
[Result "1/2-1/2"]
[WhiteTitle "CM"]
[BlackTitle "FM"]
[WhiteElo "2207"]
[BlackElo "2343"]
[WhiteFideId "21835845"]
[BlackFideId "34264183"]
[EventDate "2025.08.26"]

1. e4 c5 2. Nf3 b6 3. g3 Bb7 4. Nc3 Nf6 5. Qe2 d5 6. exd5 Nxd5 7. Bg2 e6 8. O-O
Be7 9. d3 O-O 10. a4 Nc6 11. Nxd5 exd5 12. Bf4 Bf6 13. c3 Qd7 14. Rfe1 Rfe8 15.
Qd2 h6 16. h4 d4 17. c4 Nb4 18. a5 Qf5 19. Nxd4 Bxd4 20. Bxb7 Rad8 21. Rxe8+
Rxe8 22. Be4 Qg4 23. axb6 axb6 24. Re1 g5 25. hxg5 hxg5 26. Be3 Bxe3 27. Qxe3
Kg7 28. Qd2 f6 29. Bg2 Rxe1+ 30. Qxe1 Qd7 31. Be4 Nc2 32. Qd2 Nd4 33. b4 Qe7 34.
bxc5 bxc5 35. Kg2 Qd7 36. Qa5 Qe7 37. Qb6 f5 38. Bd5 f4 39. Qb8 fxg3 40. Qxg3
Ne2 41. Qg4 Nf4+ 42. Kh2 Kf6 43. Be4 Qe5 44. Kg1 Qa1+ 45. Kh2 Qe5 46. Kg1 Ne6
47. Qf3+ Ke7 48. Qf5 Qa1+ 49. Kh2 Qh8+ 50. Qh7+ Qxh7+ 51. Bxh7 Kf6 52. Kg3 Nd4
53. Be4 Ne6 54. Kg4 Nd4 55. Bh7 Ne6 56. Be4 Nd4 57. Bh7 Ne6 58. Be4 1/2-1/2

[Event "Titled Tue 26th Aug Late"]
[Site "chess.com INT"]
[Date "2025.08.26"]
[Round "8"]
[White "Ono, David"]
[Black "Sroczynski, Maciej"]
[Result "0-1"]
[BlackTitle "FM"]
[WhiteElo "2110"]
[BlackElo "2236"]
[WhiteFideId "146943"]
[BlackFideId "1121472"]
[EventDate "2025.08.26"]

1. c4 Nf6 2. g3 g6 3. Bg2 Bg7 4. Nc3 O-O 5. e3 d6 6. Nge2 e5 7. O-O Re8 8. d4 e4
9. b4 Bf5 10. b5 h5 11. Nf4 h4 12. Nfd5 Nbd7 13. f3 hxg3 14. hxg3 c6 15. Nxf6+
Nxf6 16. bxc6 bxc6 17. fxe4 Nxe4 18. Nxe4 Bxe4 19. Bxe4 Rxe4 20. Qf3 Qe7 21. Rb1
Re8 22. Kg2 f5 23. Qd1 Qg5 24. Rb3 Qe7 25. Rf4 Bh6 26. Rxe4 Qxe4+ 27. Qf3 Qc2+
28. Kh3 Qxc1 29. Qxc6 Rf8 30. Qd5+ Kh8 31. Rb7 Bxe3 32. Qf3 Bxd4 33. Rd7 Be5 34.
Qb7 Qh6+ 35. Kg2 Rg8 36. Rf7 Rg7 37. Qxa7 Qd2+ 38. Kh3 Rxf7 39. Qxf7 Qh6+ 40.
Kg2 Qg5 41. Qe8+ Kh7 42. Qd7+ Kh6 43. Qb7 Qxg3+ 44. Kf1 Qd3+ 45. Kg2 Qc2+ 46.
Kh3 Qc3+ 47. Kg2 Qd2+ 48. Kf1 Qd3+ 49. Kg1 Bd4+ 50. Kh2 Qe2+ 51. Kh3 Qg4+ 52.
Kh2 Be5+ 53. Kh1 Qh3+ 54. Kg1 Bd4# 0-1

[Event "Titled Tue 26th Aug Late"]
[Site "chess.com INT"]
[Date "2025.08.26"]
[Round "8"]
[White "Hariharan, Shambavi"]
[Black "Haarh, Simon Bjork"]
[Result "0-1"]
[WhiteTitle "WCM"]
[BlackTitle "CM"]
[WhiteElo "2069"]
[BlackElo "2195"]
[WhiteFideId "488160"]
[BlackFideId "1470515"]
[EventDate "2025.08.26"]

1. d4 Nf6 2. c4 e6 3. Nc3 Bb4 4. e3 c5 5. Bd3 Bxc3+ 6. bxc3 b6 7. f3 d6 8. Ne2
Nc6 9. O-O O-O 10. e4 e5 11. Be3 Re8 12. Qd2 Ba6 13. Qc2 Na5 14. Qa4 Qd7 15. Qd1
Bxc4 16. Bxc4 Nxc4 17. Bf2 Rac8 18. Rc1 Qb5 19. Rb1 Qa5 20. Qd3 Na3 21. Rbc1 Nb5
22. Ng3 g6 23. Ne2 Red8 24. Bh4 Kg7 25. f4 exd4 26. cxd4 Re8 27. e5 Nd7 28. f5
dxe5 29. fxg6 hxg6 30. Qf3 Rf8 31. dxe5 Qa3 32. Be7 Qxf3 33. Bxf8+ Rxf8 34. Rxf3
Nxe5 35. Re3 Nc6 36. Rb3 Nbd4 37. Nxd4 Nxd4 38. Re3 Rd8 39. Kf2 Rd7 40. Rd1 f5
41. Re5 Kf6 42. Re3 g5 43. Ra3 a5 44. Rc3 Rd6 45. Rcd3 Re6 46. R3d2 g4 47. Kg3
Kg5 48. Kf2 f4 49. Re1 Rxe1 50. Kxe1 f3 51. Kf2 Kf4 52. g3+ Ke4 53. Rb2 b5 54.
Rb1 c4 55. Re1+ Ne2 56. Rb1 b4 0-1

[Event "Titled Tue 26th Aug Late"]
[Site "chess.com INT"]
[Date "2025.08.26"]
[Round "8"]
[White "Beulen, Marcel"]
[Black "Ferrara, Enzo"]
[Result "0-1"]
[WhiteTitle "FM"]
[WhiteElo "2359"]
[BlackElo "2138"]
[WhiteFideId "1001450"]
[BlackFideId "137731"]
[EventDate "2025.08.26"]

1. e4 e6 2. d4 d5 3. exd5 exd5 4. Nf3 Bd6 5. c4 Nf6 6. Nc3 O-O 7. cxd5 Bb4 8.
Bg5 Qe8+ 9. Be2 Nxd5 10. Bd2 Nb6 11. O-O Bf5 12. Rc1 c6 13. Re1 Qd8 14. a3 Be7
15. Bf4 Bf6 16. Ne5 Nd5 17. Nxd5 Qxd5 18. Bf3 Qb5 19. Qd2 Rd8 20. Rc5 Qxc5 21.
dxc5 Rxd2 22. Bxd2 Na6 23. b4 Nc7 24. Nc4 Ne8 25. Na5 Nc7 26. Nxb7 Nd5 27. Nd6
Be6 28. h3 Rb8 29. Bg4 Bxg4 30. hxg4 Kf8 31. g3 Bb2 32. Bc1 Bc3 33. Re4 a5 34.
Kg2 axb4 35. axb4 Bxb4 36. Be3 Nxe3+ 37. Rxe3 Bxc5 38. Rd3 Bxd6 39. Rxd6 Rc8 40.
Kf3 Ke7 41. Rd2 c5 42. Ke4 Ke6 43. Ra2 c4 44. Ra6+ Ke7 45. Ra7+ Kf8 46. Ra3 Ke7
47. g5 Rc7 48. f4 f6 49. gxf6+ gxf6 50. Rc3 Ke6 51. g4 h6 52. f5+ Kd6 53. Kd4
Rc5 54. Ke4 Rc6 55. Kd4 Rc8 56. Ke4 Rg8 57. Kf4 Kd5 58. Rc1 Kd4 0-1

[Event "Titled Tue 26th Aug Late"]
[Site "chess.com INT"]
[Date "2025.08.26"]
[Round "8"]
[White "Jasinski, Alexander"]
[Black "Arabidze, Meri"]
[Result "0-1"]
[BlackTitle "IM"]
[WhiteElo "2063"]
[BlackElo "2444"]
[WhiteFideId "55627994"]
[BlackFideId "13604040"]
[EventDate "2025.08.26"]

1. e4 c5 2. Nf3 e6 3. g3 d5 4. exd5 exd5 5. d4 cxd4 6. Bg2 Bb4+ 7. Bd2 Qe7+ 8.
Qe2 Bc5 9. Qxe7+ Nxe7 10. O-O Nbc6 11. Rd1 Bf5 12. Rc1 O-O 13. a3 Rac8 14. Bf4
Ng6 15. Bg5 h6 16. Bd2 Rfe8 17. Bf1 Be4 18. Ne1 Nce5 19. a4 a6 20. Na3 Nf3+ 21.
Nxf3 Bxf3 22. b4 Bb6 23. a5 Bc7 24. b5 axb5 25. Nxb5 Be5 26. Bd3 Be4 27. f4 Bf6
28. Nd6 Bxd3 29. Nxe8 Bxc2 30. Nxf6+ gxf6 31. a6 bxa6 32. Rxa6 Kg7 33. Rd6 d3
34. Rxd5 Re8 35. Re1 Ra8 36. Kf2 Ra7 37. Ra5 Rb7 38. Ra6 Ne7 39. Rea1 Nd5 40.
Ra7 Rb2 41. R7a2 Rb7 42. Rc1 f5 43. Raxc2 dxc2 44. Rxc2 Kg6 45. Rc6+ f6 46. Rc5
Rd7 47. Ke2 Rd6 48. Be1 Ne7 49. Rc7 Nd5 50. Rc1 Ne7 51. Rd1 Rxd1 52. Kxd1 Kh5
53. Ke2 Kg4 54. Kf2 Kh3 55. Kg1 Nd5 56. Bf2 h5 57. Bd4 h4 58. Bf2 hxg3 59. hxg3
Nc3 60. Bd4 Ne2+ 61. Kf2 Nxd4 62. Ke3 Kxg3 63. Kxd4 Kxf4 64. Kd3 Kf3 65. Kd2 Kf2
66. Kd1 f4 67. Kd2 f3 68. Kd3 Kg2 69. Ke4 f2 70. Kd5 f1=Q 71. Ke6 0-1

[Event "Titled Tue 26th Aug Late"]
[Site "chess.com INT"]
[Date "2025.08.26"]
[Round "8"]
[White "Benedek, Istvan"]
[Black "Garcia Hernandez, Rebeca"]
[Result "1-0"]
[WhiteTitle "CM"]
[BlackTitle "WCM"]
[WhiteElo "2214"]
[BlackElo "1943"]
[WhiteFideId "1230263"]
[BlackFideId "5180872"]
[EventDate "2025.08.26"]

1. e4 c5 2. d4 cxd4 3. c3 Nf6 4. e5 Nd5 5. Nf3 d6 6. cxd4 Nc6 7. Bc4 Nb6 8. Bb5
Bd7 9. exd6 e6 10. Nc3 Bxd6 11. O-O a6 12. Bd3 Be7 13. Qe2 O-O 14. Qe4 g6 15.
Bh6 Re8 16. Rad1 Bf6 17. Ne5 Bg7 18. Bxg7 Kxg7 19. Rfe1 f5 20. Qf4 Nxe5 21.
Qxe5+ Kg8 22. Qd6 Bc8 23. Qc5 Bd7 24. Bc2 Rc8 25. Qe5 Bc6 26. Bb3 Nd5 27. Rd3
Kf7 28. Rh3 h5 29. Rg3 Qf6 30. Qxf6+ Kxf6 31. Bxd5 Bxd5 32. Ne2 g5 33. Rc3 Bxa2
34. Ra1 Bd5 35. Ra5 Rxc3 36. Nxc3 Rc8 37. f3 Rc4 38. Nxd5+ exd5 39. Rxd5 Rc1+
40. Kf2 Rc2+ 41. Kg3 h4+ 42. Kh3 Rxb2 43. Rd6+ Kg7 44. d5 a5 45. Rd7+ Kg6 46. d6
Rd2 47. Rd8 a4 48. d7 Kg7 49. f4 g4+ 50. Kxh4 a3 51. Ra8 Rxd7 52. Rxa3 Rd4 53.
Kg5 Rd5 54. Ra7 Rb5 55. Ra8 Kf7 56. Rc8 Kg7 57. Rc7+ Kg8 58. Kg6 Rb6+ 59. Kg5
Rb5 60. g3 Kf8 61. Rd7 Ke8 62. Rh7 Kf8 63. Rh6 Kg7 64. Rd6 Kf7 65. Rd7+ Kg8 66.
Kf6 Kf8 67. Rd8# 1-0

[Event "Titled Tue 26th Aug Late"]
[Site "chess.com INT"]
[Date "2025.08.26"]
[Round "8"]
[White "Pica, Eleni"]
[Black "Mafra, Kaiser Luiz"]
[Result "1-0"]
[WhiteTitle "WCM"]
[BlackTitle "CM"]
[WhiteElo "1743"]
[BlackElo "2080"]
[WhiteFideId "5910005"]
[BlackFideId "2106698"]
[EventDate "2025.08.26"]

1. d4 Nf6 2. c4 g6 3. Nc3 Bg7 4. e4 d6 5. Be2 O-O 6. Bg5 h6 7. Be3 e5 8. d5 Na6
9. Qd2 Kh7 10. h4 Ng4 11. f3 Nxe3 12. Qxe3 f5 13. g4 f4 14. Qf2 Nb4 15. Rc1 b6
16. h5 g5 17. Nh3 a5 18. a3 Na6 19. Bd3 Nc5 20. Bb1 Ba6 21. b3 Nxb3 22. Rd1 Bxc4
23. Ba2 a4 24. Qc2 Nd4 25. Qf2 Bb3 26. Rd2 Bxa2 27. Nxa2 Qc8 28. Nb4 Qd7 29. Ng1
Qb5 30. Ne2 Nb3 31. Rc2 Rf7 32. Nc6 Qd3 33. Nb4 Qe3 34. Qg2 Nd4 35. Rc3 Qxe2+
36. Qxe2 Nxe2 37. Kxe2 Bf6 38. Rhc1 Bd8 39. Nc6 Bf6 40. Rc4 Kg7 41. Nb4 Ra7 42.
Nc6 Ra8 43. Rb4 Kf8 44. Rcc4 Ke8 45. Rxa4 Rxa4 46. Rxa4 Kd7 47. Ra8 Rh7 48. Rf8
Be7 49. Ra8 Bf6 50. a4 Rh8 51. Ra7 Kc8 52. a5 bxa5 53. Rxa5 Kb7 54. Ra7+ Kb6 55.
Ra1 Kc5 56. Kd3 Rg8 57. Rc1+ Kb6 58. Rb1+ Kc5 59. Rc1+ Kb5 60. Ra1 Kb6 61. Ra5 1-0

[Event "Titled Tue 26th Aug Late"]
[Site "chess.com INT"]
[Date "2025.08.26"]
[Round "8"]
[White "Perelygin, Mikhail"]
[Black "Bogaudinov, Rushan"]
[Result "1/2-1/2"]
[WhiteTitle "CM"]
[BlackTitle "FM"]
[WhiteElo "2227"]
[BlackElo "1912"]
[WhiteFideId "24153630"]
[BlackFideId "4129288"]
[EventDate "2025.08.26"]

1. d4 g6 2. g3 Bg7 3. Bg2 h5 4. Nf3 d5 5. c4 c6 6. Nc3 Nf6 7. Bf4 dxc4 8. O-O
Nd5 9. Be5 O-O 10. e4 Nb6 11. a4 Bg4 12. Bxg7 Kxg7 13. a5 Nc8 14. h3 Bxf3 15.
Bxf3 Nd7 16. e5 e6 17. Qe2 h4 18. Qxc4 hxg3 19. fxg3 Qg5 20. Ne4 Qe3+ 21. Kg2
Ne7 22. Rae1 Qh6 23. Nd6 Nf5 24. Nxf5+ gxf5 25. a6 Rh8 26. h4 Nb6 27. Qb4 bxa6
28. Bxc6 Rac8 29. d5 Nxd5 30. Bxd5 exd5 31. Rxf5 Rc2+ 32. Rf2 Rhc8 33. Qg4+ Qg6
34. Qxg6+ Kxg6 35. Rd1 Rxf2+ 36. Kxf2 Rc5 37. g4 Rc4 38. Kf3 d4 39. Rd3 a5 40.
Kf4 a4 41. h5+ Kh6 42. Kf5 a5 43. g5+ Kg7 44. h6+ Kh7 45. Kf6 Kg8 46. e6 Rc6 47.
Rxd4 Rxe6+ 48. Kf5 Rb6 49. Rxa4 Rb5+ 50. Kg4 Rxb2 51. Rxa5 Rb6 52. Ra8+ Kh7 53.
Ra7 Kg6 54. Ra5 Rb4+ 55. Kg3 Rb3+ 56. Kg4 Rb4+ 57. Kg3 Rb3+ 58. Kf4 Rb4+ 59. Kf3
Rb3+ 60. Ke4 Rb4+ 61. Kd3 Rb3+ 62. Kc4 Rh3 63. Rd5 f6 64. gxf6 Kxf6 65. Rd6+ Kf7
66. Rc6 Kg8 67. Kd5 Kh7 68. Re6 Rh5+ 69. Ke4 Rxh6 70. Rxh6+ Kxh6 1/2-1/2

[Event "Titled Tue 26th Aug Late"]
[Site "chess.com INT"]
[Date "2025.08.26"]
[Round "8"]
[White "Kurpiewski, Slawomir"]
[Black "Pontes, Luiz Felizola Lima"]
[Result "1/2-1/2"]
[WhiteTitle "CM"]
[WhiteElo "1973"]
[BlackElo "1871"]
[WhiteFideId "1114530"]
[BlackFideId "44709919"]
[EventDate "2025.08.26"]

1. f4 d5 2. Nf3 c5 3. g3 Nc6 4. d3 Qc7 5. Bg2 e5 6. fxe5 Nxe5 7. O-O Nf6 8. c3
Bd6 9. Nbd2 O-O 10. Nxe5 Bxe5 11. Nf3 Bd6 12. Qc2 Re8 13. Bg5 Ng4 14. e4 dxe4
15. dxe4 Ne5 16. Nxe5 Bxe5 17. Bf4 Bd7 18. Rad1 Bc6 19. Rd2 Rad8 20. Rdf2 f6 21.
Bxe5 Qxe5 22. Rf5 Qd6 23. Bf3 Qd2 24. Qxd2 Rxd2 25. Rf2 Rxf2 26. Kxf2 Re5 27.
Ke3 Kf7 28. Rxe5 fxe5 29. h4 Kf6 30. b4 cxb4 31. cxb4 g5 32. Kd3 Bb5+ 33. Ke3 b6
34. a3 gxh4 35. gxh4 Ke6 36. Bd1 Bc6 37. Bb3+ Kf6 38. Bd1 Ke7 39. Bg4 Kd6 40.
Bh5 Bd7 41. Bf7 Kc6 42. Bc4 Bg4 43. Bg8 h6 44. Bc4 Kd6 45. Bd3 Ke7 46. Bb5 Kf7
47. Bd3 Kg6 48. Kd2 Kh5 49. Kc3 Kxh4 50. Kc4 Kg5 51. Kb5 Bc8 52. Kc6 h5 53. Kc7
Bg4 54. Kb7 a5 55. Kxb6 axb4 56. axb4 Kf4 57. Kc5 h4 58. b5 h3 59. b6 Bc8 60.
Bf1 Kg3 61. Bxh3 Kxh3 62. Kd6 Bb7 63. Kxe5 Kg4 1/2-1/2

[Event "Titled Tue 26th Aug Late"]
[Site "chess.com INT"]
[Date "2025.08.26"]
[Round "8"]
[White "Tang, Austin"]
[Black "Vasynda, Oleksandr"]
[Result "1/2-1/2"]
[BlackTitle "FM"]
[WhiteElo "1920"]
[BlackElo "2209"]
[WhiteFideId "30964580"]
[BlackFideId "14176297"]
[EventDate "2025.08.26"]

1. e4 c5 2. Nf3 Nc6 3. Bb5 g6 4. Bxc6 dxc6 5. d3 Bg7 6. O-O Nf6 7. h3 Nd7 8. Nc3
Nf8 9. a4 e5 10. a5 Ne6 11. Be3 O-O 12. Qd2 Nd4 13. Nh2 f5 14. f4 exf4 15. Bxf4
Ne6 16. Bh6 Qd4+ 17. Kh1 Bd7 18. exf5 Rxf5 19. Rxf5 gxf5 20. Rf1 Rf8 21. Bxg7
Qxg7 22. Nf3 Nd4 23. Nxd4 cxd4 24. Ne2 c5 25. Rf3 Kh8 26. Rg3 Qf6 27. Qg5 Qxg5
28. Rxg5 Re8 29. Ng3 Re1+ 30. Kh2 h6 31. Rg6 Kh7 32. Rd6 Bc6 33. Nxf5 Re2 34.
Rxh6+ Kg8 35. Rg6+ Kf7 36. Rg4 Rxc2 37. Nd6+ Ke7 38. Nc4 Bd5 39. h4 Bxc4 40.
dxc4 d3 41. Rg3 Rxc4 42. Rxd3 Rxh4+ 43. Rh3 Rb4 44. b3 Kd6 45. Rd3+ Kc6 46. Kh3
Kb5 47. g4 Kxa5 48. g5 Rb6 49. Kg4 Kb4 50. Kf5 c4 51. bxc4 Kxc4 52. Rd1 a5 53.
Ra1 Ra6 54. g6 b6 55. g7 Ra8 56. Ke6 Kb4 57. Rb1+ Kc5 58. Rc1+ Kb5 59. Rb1+ Ka6
60. Kf7 a4 61. g8=Q Rxg8 62. Kxg8 Ka5 63. Kf7 b5 64. Ke6 a3 65. Kd5 Ka4 66. Kd4
a2 67. Ra1 Ka3 68. Rxa2+ Kxa2 69. Kc5 Ka3 70. Kxb5 1/2-1/2

[Event "Titled Tue 26th Aug Late"]
[Site "chess.com INT"]
[Date "2025.08.26"]
[Round "8"]
[White "Romero Ruscalleda, Josep"]
[Black "Foldes, Marton Gabor"]
[Result "0-1"]
[WhiteTitle "FM"]
[BlackTitle "FM"]
[WhiteElo "2110"]
[BlackElo "2293"]
[WhiteFideId "2231859"]
[BlackFideId "794708"]
[EventDate "2025.08.26"]

1. e4 Nf6 2. e5 Nd5 3. Nf3 d6 4. d4 g6 5. Be2 Bg7 6. O-O dxe5 7. Nxe5 O-O 8. h3
c5 9. Nf3 cxd4 10. Nxd4 e5 11. Nb3 Nc6 12. Bf3 Ndb4 13. a3 Qxd1 14. Bxd1 Nd5 15.
Bf3 Nf6 16. Nc3 Bf5 17. Bd1 Nd4 18. Nxd4 exd4 19. Nb5 Nd5 20. Nd6 Be6 21. Bf3 b6
22. Re1 Rfd8 23. Ne4 h6 24. Bd2 Rac8 25. Rac1 Rc7 26. c4 dxc3 27. Nxc3 Nxc3 28.
Bxc3 Bxc3 29. Rxc3 Rxc3 30. bxc3 Rd2 31. Bc6 Ra2 32. a4 Bb3 33. Re4 Rc2 34. Re3
h5 35. Bb5 Ra2 36. Re4 Rc2 37. Re3 Kg7 38. g3 Kf6 39. h4 Rc1+ 40. Kg2 Ra1 41.
Rf3+ Ke5 42. Rf4 Bd5+ 43. f3 f5 44. c4 Be6 45. Kf2 Ra2+ 46. Ke3 Rg2 47. Rd4 Re2+
48. Kxe2 Kxd4 49. Be8 Bxc4+ 50. Kf2 Bb3 51. Bxg6 Bxa4 52. Bxh5 Bb3 53. Bg6 Ke5
54. h5 Kf6 55. Be8 a5 56. Ke3 a4 57. Kd2 a3 58. Kc3 Bd5 59. f4 Ke7 60. Bg6 Kf8
61. Bxf5 Kg7 62. Bc2 b5 63. g4 b4+ 0-1

[Event "Titled Tue 26th Aug Late"]
[Site "chess.com INT"]
[Date "2025.08.26"]
[Round "8"]
[White "Aravindh, Chithambaram VR."]
[Black "Maghsoodloo, Parham"]
[Result "1-0"]
[WhiteTitle "GM"]
[BlackTitle "GM"]
[WhiteElo "2723"]
[BlackElo "2695"]
[WhiteFideId "5072786"]
[BlackFideId "12539929"]
[EventDate "2025.08.26"]

1. c4 e5 2. Nc3 Bb4 3. g3 Nf6 4. Bg2 O-O 5. e4 Bxc3 6. bxc3 Nc6 7. Ne2 d6 8. O-O
a6 9. a4 Rb8 10. d3 h6 11. a5 Nd7 12. f4 b5 13. axb6 Nxb6 14. f5 f6 15. g4 a5
16. h4 a4 17. Ng3 Na5 18. Be3 Nb3 19. Ra2 Kf7 20. g5 hxg5 21. hxg5 Rh8 22. Qg4
Qf8 23. Nh5 Nd7 24. Rxa4 Nbc5 25. Ra7 Rb7 26. Ra8 Rg8 27. d4 Nb3 28. Qe2 Ke7 29.
c5 dxc5 30. Rxc8 Qxc8 31. Qc4 Qe8 32. Rb1 Na5 33. Qe6+ Kd8 34. Ra1 Ra7 35. dxc5
Qxe6 36. fxe6 Nb8 37. c6 Ra6 38. gxf6 gxf6 39. Nxf6 Rg6 40. Rd1+ Ke7 41. Nd5+
Kd6 42. e7 Re6 43. Nf4+ Kxe7 44. Bc5+ Kf6 45. Nxe6 Kxe6 46. Bh3+ Kf6 47. Rf1+
Kg5 48. Rf5+ Kg6 49. Rxe5 Naxc6 50. Re6+ Kg5 51. Kg2 Nd8 52. Be3+ Kh5 53. Re8
Nbc6 54. Rh8+ Kg6 55. Bf5+ Kg7 56. Rh7+ Kf6 57. Kg3 Nf7 58. Kf4 Ra3 59. Bd4+ Ke7
60. Bc5+ Kf6 61. Bxa3 1-0

[Event "Titled Tue 26th Aug Late"]
[Site "chess.com INT"]
[Date "2025.08.26"]
[Round "8"]
[White "Harriott, Tyrell"]
[Black "Brilej, Jaka"]
[Result "0-1"]
[BlackTitle "FM"]
[WhiteElo "1933"]
[BlackElo "2334"]
[WhiteFideId "2086484"]
[BlackFideId "14618818"]
[EventDate "2025.08.26"]

1. d4 Nf6 2. e3 b6 3. f4 Bb7 4. Nf3 e6 5. Bd3 c5 6. O-O d6 7. Nbd2 Be7 8. c3 O-O
9. a3 Nbd7 10. e4 d5 11. e5 Ne4 12. Qe2 Nxd2 13. Bxd2 g6 14. g4 Kh8 15. f5 gxf5
16. gxf5 Rg8+ 17. Kh1 exf5 18. Rg1 Nf8 19. Rxg8+ Kxg8 20. Qg2+ Ng6 21. Bxf5 Bc8
22. Bd3 a5 23. Rg1 Ba6 24. Bf5 Bc8 25. Bc2 cxd4 26. cxd4 Ra7 27. Ng5 Bxg5 28.
Bxg5 Qe8 29. h4 h5 30. Bf6 Bg4 31. Bd1 Bxd1 32. Rxd1 Qe6 33. Rf1 Rc7 34. Kh2 Rc4
35. Qg5 Rc2+ 36. Kg3 Rxb2 37. Rf4 Rb3+ 38. Rf3 Rxf3+ 39. Kxf3 Qh3+ 40. Qg3 Qxg3+
41. Kxg3 b5 42. Kf3 Nf8 43. Kf4 Ne6+ 44. Ke3 b4 45. Be7 bxa3 46. Bxa3 a4 47. Bb4
Kh7 48. Ba3 Kg6 49. Bb4 Kf5 50. Bc3 Nf4 51. Kf3 Ng6 52. Bb2 Nxh4+ 53. Kg3 Ng6
54. Kf3 Nf4 55. Kg3 Ne6 56. Kf3 h4 57. Ba1 Ng5+ 58. Ke3 h3 59. Kf2 Kg4 60. Kg1
Ne6 61. Kh2 Nf4 62. Kh1 Nd3 63. Kh2 a3 64. Kh1 a2 65. Kh2 Nb4 66. Bc3 Nc2 67.
Bb2 a1=Q 68. Bxa1 Nxa1 69. Kh1 Nc2 70. Kh2 Nxd4 71. Kh1 Nc6 72. Kh2 Nxe5 73. Kh1
d4 74. Kh2 d3 75. Kg1 d2 76. Kh2 f5 77. Kg1 d1=Q+ 78. Kf2 Qd2+ 79. Kf1 Qg2+ 80.
Ke1 Nf3+ 0-1

[Event "Titled Tue 26th Aug Late"]
[Site "chess.com INT"]
[Date "2025.08.26"]
[Round "8"]
[White "Rustemov, Alexander"]
[Black "Ibarra Jerez, Jose Carlos"]
[Result "0-1"]
[WhiteTitle "GM"]
[BlackTitle "GM"]
[WhiteElo "2525"]
[BlackElo "2545"]
[WhiteFideId "4119002"]
[BlackFideId "2226332"]
[EventDate "2025.08.26"]

1. d4 g6 2. c4 d6 3. Nf3 Nf6 4. g3 Bf5 5. Qb3 b6 6. Bg2 Nc6 7. Nh4 Nxd4 8. Qa4+
Bd7 9. Qd1 Nc6 10. O-O Bg7 11. Nc3 O-O 12. b3 Rb8 13. Bb2 a6 14. Rc1 e6 15. Qd2
Qe8 16. Rfd1 b5 17. c5 d5 18. Nf3 b4 19. Na4 Na5 20. c6 Bxc6 21. Nc5 Rb6 22. Ne5
Ba8 23. Ncd3 Ne4 24. Qe3 Qe7 25. f3 Nc3 26. Bxc3 bxc3 27. f4 Rd8 28. Qc5 Qxc5+
29. Nxc5 Bxe5 30. fxe5 Nc6 31. Rxc3 Nxe5 32. Na4 Rc6 33. Rdc1 Rxc3 34. Rxc3 Bc6
35. Nc5 d4 36. Rc2 Bxg2 37. Kxg2 Rd6 38. Nd3 Nc6 39. b4 e5 40. a3 e4 41. Nc5 d3
42. exd3 exd3 43. Rd2 Ne5 44. a4 f5 45. Kf2 Rb6 46. Rb2 Nc4 47. Rb3 d2 48. Ke2
Rd6 49. Kd1 Kf7 50. a5 g5 51. Nd3 Rxd3 52. Rxd3 Nb2+ 53. Kxd2 Nxd3 54. Kxd3 c6
55. Kd4 Ke6 56. Kc5 Kd7 57. Kd4 Kd6 58. h4 h6 59. h5 Ke6 60. Kc5 f4 61. gxf4
gxf4 62. Kxc6 f3 63. b5 f2 64. bxa6 f1=Q 65. Kb6 Qb1+ 66. Kc7 Qc2+ 67. Kb6 Qb3+
68. Kc6 Qc4+ 69. Kb6 Qb4+ 70. Kc7 Qxa5+ 71. Kb7 Qb5+ 72. Ka7 Qxh5 73. Kb6 Qd5
74. a7 Qa8 75. Ka6 h5 76. Kb6 h4 0-1

[Event "Titled Tue 26th Aug Late"]
[Site "chess.com INT"]
[Date "2025.08.26"]
[Round "8"]
[White "Yagiz, Yasin Emrah"]
[Black "Khadour, Ismael"]
[Result "1-0"]
[WhiteTitle "FM"]
[BlackTitle "FM"]
[WhiteElo "2107"]
[BlackElo "1992"]
[WhiteFideId "6303684"]
[BlackFideId "7601930"]
[EventDate "2025.08.26"]

1. Nf3 d5 2. c4 Nf6 3. cxd5 Nxd5 4. g3 c5 5. Bg2 Nc6 6. O-O e5 7. d3 h6 8. Nc3
Be6 9. Bd2 Be7 10. Rc1 O-O 11. a3 Rc8 12. Nxd5 Bxd5 13. Bc3 Bd6 14. Nd2 Bxg2 15.
Kxg2 Qe7 16. Ne4 Bb8 17. Qb3 b6 18. h4 Kh8 19. Rh1 f5 20. Ng5 g6 21. Nf3 Kh7 22.
h5 g5 23. Qa2 e4 24. dxe4 fxe4 25. Nh2 Be5 26. Ng4 Bxc3 27. bxc3 Rf5 28. Rcd1
Rcf8 29. Rd5 Qe6 30. Rhd1 Rxd5 31. Qxd5 Re8 32. Qxe6 Rxe6 33. Rd7+ Kg8 34. e3
Ne5 35. Nxe5 Rxe5 36. Rxa7 Re6 37. Rd7 Rf6 38. Re7 Kf8 39. Rxe4 Kf7 40. Re5 Rd6
41. a4 Rd3 42. a5 bxa5 43. Rxc5 a4 44. Ra5 Rxc3 45. Rxa4 Rc5 46. Ra7+ Kf6 47.
Ra6+ Kg7 48. Rg6+ Kh7 49. e4 Re5 50. Kf3 g4+ 51. Kf4 Rxh5 52. Rxg4 Ra5 53. e5
Ra4+ 54. Kf5 Ra3 55. f4 h5 56. Rg5 Kh6 57. Rg6+ Kh7 58. Rg5 Kh6 59. Kf6 Ra6+ 60.
e6 h4 61. gxh4 Ra4 62. f5 Rxh4 63. e7 Re4 64. Rg8 Kh7 65. e8=Q Rh4 66. Qg6# 1-0

[Event "Titled Tue 26th Aug Late"]
[Site "chess.com INT"]
[Date "2025.08.26"]
[Round "8"]
[White "Naroditsky, Daniel"]
[Black "Niemann, Hans Moke"]
[Result "1/2-1/2"]
[WhiteTitle "GM"]
[BlackTitle "GM"]
[WhiteElo "2619"]
[BlackElo "2736"]
[WhiteFideId "2026961"]
[BlackFideId "2093596"]
[EventDate "2025.08.26"]

1. e4 e5 2. Nf3 Nc6 3. Bb5 a6 4. Ba4 Nf6 5. O-O Be7 6. Re1 b5 7. Bb3 O-O 8. c3
d6 9. h3 Be6 10. d4 Bxb3 11. axb3 exd4 12. cxd4 d5 13. e5 Ne4 14. Nc3 f5 15.
exf6 Bxf6 16. Nxe4 dxe4 17. Rxe4 Qd5 18. Rf4 a5 19. Be3 Rad8 20. Rc1 Be7 21.
Rxf8+ Bxf8 22. Qc2 Rd6 23. Ng5 Rg6 24. Qe4 Nb4 25. Qxd5+ Nxd5 26. Bd2 a4 27.
bxa4 bxa4 28. Nf3 Rb6 29. Rc2 Bd6 30. Kf1 h6 31. Ke2 Kf7 32. Ne5+ Ke6 33. Nd3
Rb3 34. g3 h5 35. g4 hxg4 36. hxg4 g6 37. Rc6 Kd7 38. Ra6 Nb6 39. Nc5+ Bxc5 40.
dxc5 Nd5 41. Rxa4 Rxb2 42. Kd3 Ne7 43. Re4 Rb3+ 44. Kc4 Rf3 45. Be3 Nc6 46. Kd5
Ne7+ 47. Kc4 Nc6 48. Kd3 Rh3 49. Ke2 Ne7 50. Re5 c6 51. Rg5 Ke6 52. Bd4 Kf7 53.
f4 Rh2+ 54. Kf3 Rh3+ 55. Ke4 Rh4 56. Bf2 Rh2 57. Kf3 Rh3+ 58. Ke4 Rh2 59. Kf3
Rh3+ 60. Kg2 Rd3 61. Re5 Nd5 62. Re4 Nf6 63. Ra4 Nxg4 64. Bg1 Ke6 65. Ra7 Nf6
66. Rc7 Nd5 67. Rxc6+ Kf5 68. Rd6 Nxf4+ 69. Kf1 Rc3 70. Rd1 g5 71. Bd4 Rc2 72.
Be3 Ne6 73. Rc1 Rxc1+ 74. Bxc1 Nxc5 75. Bxg5 1/2-1/2